Mastering solid-state amplifiers
| Main Author: | |
|---|---|
| Format: | Book |
| Published: |
Blue Rodge Summit :
TAB Books ,
1992
|
| Subjects: |
MARC
| LEADER | 00000cam a2200000 7i4500 | ||
|---|---|---|---|
| 001 | 0000001215 | ||
| 002 | 000001340 | ||
| 005 | 20000330.0 | ||
| 020 | |a 0830630813 | ||
| 090 | 0 | 0 | |a 621.381535 |b CAR |
| 100 | 1 | |a Carr, Joseph J | |
| 245 | 1 | 0 | |a Mastering solid-state amplifiers |c Joseph J. Carr |
| 260 | |a Blue Rodge Summit : |b TAB Books , |c 1992 | ||
| 300 | |a 286p. ; |c 23cm. | ||
| 650 | 0 | 0 | |a Transistor amplifiers |
| 999 | |a 030848 |b BUKU |c PINJAMAN |e PERPUSTAKAAN KOMUNITI PETALING JAYA | ||